| 000 | 00517nam a2200157Ia 4500 | ||
|---|---|---|---|
| 008 | 170221s9999 xx 000 0 und d | ||
| 100 | _aHongfeng Wang | ||
| 245 | _aRobust Waveform Optimization for MIMO Radar to Improve the Worst-Case Detection Performance | ||
| 245 | _cHongfeng Wang and Hongyan Wang | ||
| 260 | _bJournal of Communications | ||
| 260 | _c2012 | ||
| 300 | _a9 : | ||
| 650 | _xCommunication | ||
| 650 | _xMedia Arts | ||
| 856 | _uhttp://www.jocm.us/index.php?m=content&c=index&a=lists&catid=148 | ||
| 999 |
_c309005 _d309005 |
||